| 000 | 00758nam a2200217Ia 4500 | ||
|---|---|---|---|
| 003 | GCL | ||
| 008 | 140319s9999 xx 000 0 ara d | ||
| 040 |
_aGCL / _cGCL |
||
| 082 | 0 | 4 |
_a796.07 _bج ن |
| 100 | 1 | _aامين الخولى | |
| 245 | 1 | 0 |
_aنظام التربية البدنية فى التعليم الفنلندى / _cامين الخولى |
| 700 | 1 | _aجوبى، جويل | |
| 300 | _a57 ص | ||
| 490 |
_aالفكر العربى فى التربية البدنية والرياضية _v0 |
||
| 650 | 0 | 4 | _aالرياضة |
| 650 | 0 | 4 | _aالتربية الرياضية |
| 650 | 0 | 4 | _aالتربية الرومانية |
| 650 | 0 | 4 | _aالتربية البدنية - طرق تدريس |
| 650 | 0 | 4 | _aالتعليم - فنلندا |
| 942 |
_2ddc _cBK |
||
| 999 |
_c45009 _d45009 |
||